Managing with style : a guide to understanding, assessing, and improving decision making /

Bibliographic Details
Main Author: Rowe, Alan J.
Other Authors: Mason, Richard O.
Format: Book
Language:English
Published: San Francisco : Jossey-Bass, 1987.
Edition:1st ed.
Series:Jossey-Bass management series.
Subjects:

MARC

Tag First Indicator Second Indicator Subfields
LEADER 00000cam a22000008a 4500
001 in00000008210
005 20151002080013.0
008 870722s1987 caua b 00110 eng
010 |a  87045570  
020 |a 1555420745 
035 |a (OCoLC)16406074 
035 |9 AAA0576AM 
040 |a DLC  |c DLC  |d TXA  |d UtOrBLW 
050 0 0 |a HD30.28  |b .R676 1987 
082 0 |a 658.4/03  |2 19 
100 1 |a Rowe, Alan J. 
245 1 0 |a Managing with style :  |b a guide to understanding, assessing, and improving decision making /  |c Alan J. Rowe, Richard O. Mason. 
250 |a 1st ed. 
264 1 |a San Francisco :  |b Jossey-Bass,  |c 1987. 
300 |a xviii, 225 pages :  |b illustrations 
336 |a text  |b txt  |2 rdacontent 
337 |a unmediated  |b n  |2 rdamedia 
338 |a volume  |b nc  |2 rdacarrier 
490 1 |a Jossey-Bass management series 
504 |a Bibliography: pages 207-218. 
500 |a Includes index. 
650 0 |a Decision making. 
650 0 |a Executive ability. 
700 1 |a Mason, Richard O. 
830 0 |a Jossey-Bass management series. 
999 |a MARS 
999 f f |s 94975ee2-22b6-3202-9ef1-40935a07aacd  |i 7bf3e738-c994-39fd-ae59-2f7ea9425055  |t 0 
952 f f |p ric  |a Texas A&M University  |b Rellis Campus  |c Joint Library Facility  |d Remote Storage  |t 0  |e HD30.28 .R676 1987  |h Library of Congress classification  |i unmediated -- volume  |m A14812579452 
998 f f |a HD30.28 .R676 1987  |t 0  |l Remote Storage